000 01131nam2a2200241 4500
001 rc\2892345
005 20260315053127.0
035 _a(NLR Aleph) 007044607
090 _a13588691
_c13588691
100 _a20260315 rusy50
101 0 _arus
102 _aRU
105 _ay z |||||
200 1 _aVII-М. Кино-фотопромышленность
210 _dБ. г.
215 _a7 с.
461 0 _1001rc\2892330
_12001#$aСводный план научно-исследовательских работ на 1931 год$eВып. 1-$fВСНХ СССР. Науч.-иссл. сектор$vВып. 12
_96130705
_aСССР (до 1932 г.). Высший совет народного хозяйства
_c[Москва]
_d[1931]
_fВСНХ СССР, Научно-исследовательский сектор
_nОгиз
_tСводный план научно-исследовательских работ на 1931 год
_vВып. 12
517 0 0 _aКино-фотопромышленность
801 0 _aRU
_bNLR
_gpsbo
801 1 _aRU
_bELAR
_2rusmarc
852 _aNLR
_j32-19/17
942 _cUNSPEC
980 _aNB